| 000 | 00875nam a2200229 a 4500 | ||
|---|---|---|---|
| 008 | 200806s2018 ||||||||||||||||| || u | ||
| 020 | _a9781316613702 | ||
| 050 | _aHC 800 .Z9 Afr | ||
| 100 | _aAmaeshi, Kenneth | ||
| 245 | 1 | 0 |
_aAfricapitalism : rethinking the role of business in Africa _cEdited by Kenneth Amaeshi; Adun Okupe; Uwafiokun Idemudia |
| 260 |
_aCambridge _bCambridge University Press _c2018 |
||
| 300 | _axv, 295 pages | ||
| 650 | 7 |
_aAFRICA _2fast |
|
| 650 | 0 | _aECONOMIC POLICY | |
| 650 | _aCAPITALISTS AND FINANCIERS | ||
| 650 | _aCAPITALISM | ||
| 650 | 0 | _aECONOMIC HISTORY | |
| 650 | 0 | _aSOCIAL RESPONSIBILITY OF BUSINESS | |
| 700 | _aIdemudia, Uwafiokun | ||
| 700 | _aOkupe, Adun | ||
| 995 |
_D25.53 _FCBU-MAIN LIBRARY (Kitwe) _M1 _UAVAILABLE _WAug 7, 2020 _ZMain Library Open Access Collection |
||
| 999 |
_c33832 _d33832 |
||